Rövid napló

Elmentve itt :
Bibliográfiai részletek
Dokumentumtípus: Cikk
Megjelent: 1989
Sorozat:Harmadkor
Kulcsszavak:Magyar irodalom - vers
Tárgyszavak:
Online Access:http://acta.bibl.u-szeged.hu/29321
LEADER 00573nab a2200193 i 4500
001 acta29321
005 20250618124944.0
008 161017s1989 hu o 000 hun d
022 |a 0237-4951 
040 |a SZTE Egyetemi Kiadványok Repozitórium  |b hun 
041 |a hun 
245 0 0 |a Rövid napló  |h [elektronikus dokumentum] 
260 |c 1989 
300 |a 73 
490 0 |a Harmadkor 
650 4 |a Bölcsészettudományok 
650 4 |a Nyelvek és irodalom 
695 |a Magyar irodalom - vers 
856 4 0 |u http://acta.bibl.u-szeged.hu/29321/1/harmadkor_ant_073.pdf  |z Dokumentum-elérés